000 00735nam a22002657a 4500
001 BR9702775
003 BR-BrBNA
005 20230928095438.0
007 ta
008 230509b bl.||||| |||| 00| 0 por d
040 _aBR-BrBNA
_bpor
_cBiblioteca Nacional de Agricultura
041 _a(Por)
072 _aQ02
090 _ Q02 BR9702775
110 1 _aServico de Apoio as Micro e Pequenas Empresas de Sao Paulo, SP (Brasil)
_99294
245 1 _aMicrorganismos e conservacao de alimentos
260 3 _aSao Paulo, SP (Brasil):
_c1997.
300 _a11 p.
500 _a14 ref.
650 _aAlimento
650 _aPreservacao de Alimento
650 _aMicrorganismo
909 _a202309
_bLucia
_c55
_dLucia Elande
942 _cBK
999 _c56620
_d56620